[Event "It"]
[Site "Linares"]
[Date "2001.02.28"]
[Round "5"]
[White "Shirov, Alexei"]
[Black "Grischuk, A."]
[Result "1-0"]
[WhiteElo "2718"]
[BlackElo "2663"]
[Annotator "NN"]
[PlyCount "63"]
[EventDate "2001.??.??"]
[SourceDate "2003.04.06"]

{Kommentiert in:RAETSKY 2002, 23 und kurzer in SCHACH 4/2001, 12.} 1. e4 c5 2.
Nf3 Nc6 3. d4 cxd4 4. Nxd4 Nf6 5. Nc3 e6 {
diesen Aufbau empfiehlt RAETSKY 2002 gegen 1.e4 (in: "Meeting 1 e4").} 6. Ndb5
Bb4 7. a3 Bxc3+ 8. Nxc3 d5 9. Bd3 $5 {Poldauf} 9... d4 (9... dxe4 $6 10. Nxe4
Nxe4 11. Bxe4 Qxd1+ 12. Kxd1 $16 {RAETSKY 2002, 23: ..  mit einem fur Sw
nachteiligen Endspiel: Ws hat das L-Paar und die Bauernmehrheit auf dem
D-Flugel.}) 10. Ne2 e5 11. O-O O-O 12. h3 Re8 13. Ng3 Be6 $2 $146 {Poldauf: All
es dreht sich um den Punkt e5, den sw nach dem fehlerhaften Textzug und dem ws.
f2-f4 nicht mehr gunstig mit einer Figur wird besetzen konnen.} (13... Nd7 $142
14. f4 exf4 15. Bxf4 Nde5 16. Qh5 f6 17. b4 (17. Rf2 $142 Be6 18. Raf1 {RAETSKY
}) 17... Be6 {Ponomariov-Korchnoi, Donetsk 2001.}) 14. f4 exf4 15. Bxf4 Nd7 $6
(15... h6 $142 {Shirov}) 16. Qh5 $1 g6 17. Qh6 Qf6 18. Bg5 Qg7 19. Qh4 Nce5 20.
Bh6 Qh8 21. Nf5 $1 Bxf5 22. exf5 Nxd3 23. cxd3 Qe5 24. Rf4 Nc5 25. Raf1 Nxd3
26. fxg6 fxg6 27. Rf7 Nc5 28. Rg7+ Kh8 29. Rff7 Ne6 30. Rxg6 d3 31. Rg4 Rg8 32.
Rxh7+ $1 1-0

[Event "Bundesliga 2000-1"]
[Site "GER"]
[Date "2001.03.31"]
[Round "12"]
[White "Shirov, Alexei"]
[Black "Nielsen, PH."]
[Result "1-0"]
[WhiteElo "2718"]
[BlackElo "2585"]
[PlyCount "73"]
[EventDate "2001.04.??"]
[SourceDate "2003.04.06"]

1. e4 c6 2. d4 d5 3. e5 Bf5 4. Nc3 e6 5. g4 Bg6 6. Nge2 c5 7. h4 h5 8. Nf4 Nc6
9. Nxg6 fxg6 10. Ne2 cxd4 11. Nxd4 Kd7 12. Be3 Nh6 13. gxh5 Qa5+ 14. c3 Nxd4
15. Bxd4 Nf5 16. hxg6 Bc5 17. Bxc5 Qxc5 18. h5 Raf8 19. Qd2 Ne7 20. Bd3 Rf3 21.
Be4 Rff8 22. Bd3 Rf3 23. Be4 Rff8 24. Bc2 Rf3 25. Qd4 Qa5 26. O-O-O Rhf8 27.
Qa4+ Qxa4 28. Bxa4+ Kc7 29. h6 gxh6 30. Rxh6 Rxf2 31. Rh7 Kd8 32. g7 Rg8 33.
Rg1 Rf7 34. Bd1 Kd7 35. Bh5 Rf2 36. Rh8 b6 37. Bg6 1-0

[Event "TCh-ESP"]
[Site "Cala Galdana ESP"]
[Date "2001.10.19"]
[Round "7"]
[White "Shirov, Alexei"]
[Black "Arizmendi Martinez, J."]
[Result "1-0"]
[WhiteElo "2706"]
[BlackElo "2503"]
[PlyCount "67"]
[EventDate "2001.10.13"]
[SourceDate "2003.04.06"]

1. e4 c5 2. Nf3 Nc6 3. d4 cxd4 4. Nxd4 Nf6 5. Nc3 e5 6. Ndb5 d6 7. Bg5 a6 8.
Na3 b5 9. Bxf6 gxf6 10. Nd5 Bg7 11. Bd3 Ne7 12. Nxe7 Qxe7 13. c4 f5 14. O-O O-O
15. Qf3 bxc4 16. Nxc4 d5 17. exd5 e4 18. Qe3 Bb7 19. d6 Qf6 20. Bc2 f4 21. Qh3
Rac8 22. b3 Qg5 23. Rad1 f5 24. d7 Rcd8 25. Nd6 Bc6 26. f3 e3 27. Bxf5 Rxf5 28.
Qxf5 Qxf5 29. Nxf5 Bf8 30. Nd4 Bc5 31. Ne2 Bb5 32. Rd5 Bb6 33. Re1 Ba5 34. Rc1
1-0

[Event "TCh-ESP"]
[Site "Cala Galdana ESP"]
[Date "2001.10.13"]
[Round "9"]
[White "Shirov, Alexei"]
[Black "Rodriguez, Or"]
[Result "1-0"]
[WhiteElo "2706"]
[BlackElo "2463"]
[PlyCount "65"]
[EventDate "2001.10.13"]
[SourceDate "2003.04.06"]

1. e4 e5 2. Nf3 Nc6 3. d4 exd4 4. Nxd4 Bc5 5. Nxc6 Qf6 6. Qd2 bxc6 7. Nc3 Qg6
8. Qf4 Nf6 9. Be3 Bxe3 10. Qxe3 O-O 11. O-O-O d5 12. Bd3 Ng4 13. Qd4 Qf6 14.
Qxf6 Nxf6 15. Rhe1 Be6 16. f4 Rfe8 17. e5 Ng4 18. Na4 Nxh2 19. f5 Bc8 20. Nc5
Ng4 21. e6 Kf8 22. c4 g6 23. cxd5 Nf2 24. f6 Ng4 25. e7+ Kg8 26. Rf1 cxd5 27.
Bb5 Bf5 28. Bxe8 Rxe8 29. Rxd5 Nxf6 30. Rd8 Kg7 31. Re1 h5 32. Re5 Kh6 33. Rxe8
1-0

[Event "It"]
[Site "Dortmund"]
[Date "2002.11.07"]
[Round "6"]
[White "Shirov, Alexei"]
[Black "Gelfand, Boris"]
[Result "1-0"]
[WhiteElo "2697"]
[BlackElo "2710"]
[Annotator "Kindermann"]
[PlyCount "101"]
[EventDate "2002.07.11"]
[SourceDate "2003.04.06"]

1. e4 c5 2. Nf3 Nc6 3. Bb5 {auch hier die identische Situation wie bei
Bareev-Morosewitsch: Gelfand mus mit den schwarzen Steinen unbedingt gewinnen,
wahrend Schiro ein Remis genugt. Schirow verhalt sich jedoch wesentlich
kaltblutiger als Bareev. Er wahlt eine aktive Spielweise, ohne sich jedoch auf
ein theoretisches Duell einzulassen oder ein ubertriebenes Risiko einzugehen}
3... d6 4. Bxc6+ bxc6 5. O-O Bg4 (5... e5 6. c3 Bg4 {ist wohl genauer}) 6. h3
Bh5 7. e5 $1 {eine sehr interessante Neuerung, die die schwarze Bauernstruktur
zerstort und den fur Schwarz sehr wichtigen Zug ...e5 mechanisch verhindert}
7... e6 (7... dxe5 $5 {hatte vielleicht bessere Chancen geboten} 8. g4 e4 9.
gxh5 exf3 10. Nc3 Nf6 11. Qxf3 Qd7 12. d3) 8. exd6 Bxd6 9. d3 $14 Ne7 10. Nbd2
O-O 11. Ne4 Nd5 12. Re1 Re8 13. Ng3 Bg6 14. Ne4 $5 {psychologisch ein starkes
Kampfmittel, objektiv ware nun wohl sicherlich 14...Lh5 der beste Zug, aber in
etwas schlechterer Position ist Gelfand gezwungen, der Zugwiederholung
auszuweichen. Nun droht Weis mit 15.Sd6: Dd6: 16.Se5 mit bequemem Vorteil
wegen des schwachen schwarzen Doppelbauern. Gelfand beweist Kampferherz und
last sich auf ein verzweifeltes, objektiv aber inkorrektes Abenteuer ein:}
14... Bc7 {??!} (14... Bh5) 15. Nxc5 e5 16. a3 f5 17. c4 Nf6 18. d4 $1 e4 19.
Ne5 Bh5 (19... Bxe5 20. dxe5 Rxe5 21. b4 $14 {kommt wiederum fur Gelfand nicht
in Frage, da hier seine praktischen Gewinnchancen gleich Null waren. Schirow
schwingt in der Folge die Remiskeule sehr geschickt und zwingt seinen Gegner
zu immer groseren Zugestandnissen}) 20. Qd2 Qd6 21. Qc3 Rad8 22. Be3 Rxe5 {
die letzte Hoffnung: ein wildes Qualitatsopfer auf Chance} 23. Nb7 $1 Qf8 24.
dxe5 Rd3 25. Qb4 $1 Bxe5 26. Qxf8+ Kxf8 27. Nc5 $16 Rd6 28. Nb7 Rd7 29. Nc5 {
grausam, um dem Remis in klar schlechterer Position auszuweichen, mus der
heldenhafte Boris auch noch die einzig offeneLinieabtreten!} 29... Re7 30. Rab1
f4 31. Bd2 Bd6 32. b4 Kf7 33. Bc3 e3 34. Bd4 Bxc5 35. Bxc5 Re5 36. fxe3 f3 37.
gxf3 Bxf3 38. Kh2 Be4 39. Rb2 Rh5 40. Rf1 a6 41. Bd4 Bf5 42. Rf3 Ne4 43. b5
axb5 44. cxb5 cxb5 45. Rxb5 g6 46. a4 Nd2 47. Rf4 Rxh3+ 48. Kg2 Rh5 49. a5 Ke6
50. Re5+ Kd6 51. a6 {und Schwarz muste sich endlich in sein Schicksal fugen}
1-0

[Event "RUS vs. ROW"]
[Site "Moscow RUS"]
[Date "2002.09.09"]
[Round "3"]
[White "Shirov, Alexei"]
[Black "Kramnik, Vladimir"]
[Result "1-0"]
[WhiteElo "2697"]
[BlackElo "2807"]
[PlyCount "89"]
[EventDate "2002.09.08"]
[SourceDate "2003.04.06"]

1. e4 c6 2. d4 d5 3. Nc3 dxe4 4. Nxe4 Bf5 5. Ng3 Bg6 6. h4 h6 7. Nf3 Nd7 8. h5
Bh7 9. Bd3 Bxd3 10. Qxd3 e6 11. Bf4 Ngf6 12. O-O-O Be7 13. Kb1 O-O 14. Ne4 Nxe4
15. Qxe4 Nf6 16. Qe2 Qd5 17. Ne5 Qe4 18. Qxe4 Nxe4 19. Rhe1 Nf6 20. g4 Rfd8 21.
f3 Rac8 22. c3 Kf8 23. Kc2 Nd5 24. Bc1 c5 25. dxc5 Rxc5 26. f4 b5 27. a3 Kg8
28. g5 hxg5 29. fxg5 b4 30. Nd3 Rcc8 31. axb4 Bxb4 32. Bd2 Be7 33. Ra1 Rc7 34.
g6 fxg6 35. hxg6 Rcd7 36. Rxe6 Bf6 37. Rd1 Nc7 38. Re3 Nd5 39. Rh3 Ne7 40. Rg1
Rd6 41. Rg2 a5 42. Nc5 Rb6 43. Bf4 Rb5 44. Ne4 Rf5 45. Bd6 1-0

[Event "ch-ESP Final"]
[Site "Ayamonte ESP"]
[Date "2002.10.12"]
[Round "2"]
[White "Vallejo Pons, F."]
[Black "Shirov, Alexei"]
[Result "0-1"]
[WhiteElo "2635"]
[BlackElo "2699"]
[PlyCount "94"]
[EventDate "2002.10.11"]
[SourceDate "2003.04.06"]

1. e4 c5 2. Nf3 Nc6 3. d4 cxd4 4. Nxd4 e5 5. Nb5 d6 6. Bc4 Be6 7. Bxe6 fxe6 8.
Qh5+ g6 9. Qg4 Qd7 10. Bg5 a6 11. N5a3 b5 12. c3 h6 13. Be3 Kf7 14. O-O Nf6 15.
Qf3 d5 16. Rd1 Kg7 17. Nc2 Bd6 18. Nd2 Ne7 19. Qe2 dxe4 20. c4 bxc4 21. Nxc4
Ned5 22. Nb6 Nxb6 23. Bxb6 Nd5 24. Ba5 Qb5 25. Qxb5 axb5 26. b4 Rhf8 27. a3 Bb8
28. Rd2 Ba7 29. Re1 Rac8 30. Ne3 Nxe3 31. Rd7+ Rf7 32. Rxf7+ Kxf7 33. fxe3 Rc1
34. Kf2 Rxe1 35. Kxe1 Bxe3 36. Kd1 Ke7 37. Kc2 Kd6 38. Kb3 Bf4 39. Bb6 Bxh2 40.
a4 bxa4+ 41. Kxa4 Bf4 42. Kb3 Kc6 43. Bc5 e3 44. Kc3 e4 45. Kc2 e2 46. Bf2 Kb5
47. Be1 Bd6 0-1